Countries With the Highest Birth Rate - Statistics

General Stats
  • This quiz has been taken 87 times
  • The average score is 12 of 16
Answer Stats
Fertility Rate Country % Correct
6.9 Niger
96%
5.4 Nigeria
93%
5.9 Democratic Republic of the Congo
89%
5.7 Chad
86%
5.9 Mali
77%
5 Uganda
74%
4.7 Guinea
70%
4.9 Tanzania
70%
4.9 Mozambique
69%
5.5 Angola
65%
4.7 South Sudan
65%
5.2 Burkina Faso
64%
5.4 Burundi
64%
4.8 Benin
60%
4.7 Central African Republic
60%
5.2 Gambia
56%
No matching quizzes found
Score Distribution
Percent of People with Each Score
Percentile by Number Answered
Your Score History
You have not taken this quiz